[Event "Spartakiade tt 8th"]
[Site "Moscow RUS"]
[Date "1983.??.??"]
[Round "8"]
[White "Lputian, Smbat G"]
[Black "Bagirov, Vladimir K"]
[Result "1/2-1/2"]
[WhiteElo "2495"]
[BlackElo "2500"]
[PlyCount "81"]
[EventDate "1983.07.??"]
[Source "www.chesslib.no"]
[SourceDate "2004.05.04"]

1. d4 d5 2. Nf3 Nf6 3. e3 c6 4. Bd3 Bg4 5. Nbd2 Nbd7 6. h3 Bh5 7. b3 e6 8. Bb2 Bd6 9. g4 Bg6 10. Ne5 Bxd3 11. cxd3 Bb4 12. f4 Ng8 13. Ke2 f6 14. Nxd7 Qxd7 15. Nf3 Ne7 16. a3 Bd6 17. b4 a5 18. Bc3 axb4 19. axb4 O-O 20. Rg1 b6 21. Qc2 Qb7 22. Qb2 Rxa1 23. Rxa1 Ra8 24. Ra2 Kf7 25. Qa1 Rxa2+ 26. Qxa2 Bb8 27. Kd2 Qa7 28. Qxa7 Bxa7 29. Kc2 Bb8 30. Kb3 b5 31. Kc2 h5 32. Kd2 hxg4 33. hxg4 Ng8 34. Ke2 Nh6 35. g5 Nf5 36. gxf6 gxf6 37. Nd2 Ne7 38. Nb3 Bd6 39. Kf3 f5 40. Kg3 Nc8 41. Na5 1/2-1/2

[Event "Sibenik"]
[Site "?"]
[Date "2006.09.22"]
[Round "1.2"]
[White "Kurajica Bojan"]
[Black "Bosiocic Marin"]
[Result "1/2-1/2"]
[WhiteElo "2562"]
[BlackElo "2433"]
[PlyCount "94"]
[EventDate "2006.??.??"]
[Source "www.chesslib.no"]
[SourceDate "2004.05.04"]

1. d4 Nf6 2. Nf3 d5 3. e3 Bf5 4. Bd3 Bxd3 5. Qxd3 c6 6. Nbd2 e6 7. O-O Be7 8. c4 O-O 9. e4 Nbd7 10. Rd1 dxe4 11. Nxe4 Nxe4 12. Qxe4 Nf6 13. Qc2 Qa5 14. Bd2 Qf5 15. Qxf5 exf5 16. Bg5 h6 17. Bxf6 Bxf6 18. Rd3 Rad8 19. Rad1 Rfe8 20. Kf1 Re4 21. b3 Rd6 22. d5 c5 23. Re3 Rxe3 24. fxe3 Bc3 25. Ke2 Kf8 26. Kd3 Bf6 27. Rf1 Ra6 28. a4 g6 29. h3 h5 30. Kc2 Be7 31. Ne5 Ke8 32. Nd3 h4 33. Nf4 Bd6 34. Nd3 Kd8 35. Rd1 Be7 36. Ne5 Rf6 37. Rf1 Kc8 38. Nf3 Rd6 39. Re1 Kd8 40. e4 fxe4 41. Rxe4 f5 42. Re1 Bf6 43. Re2 Kd7 44. Ne1 Bd4 45. Nf3 Bf6 46. Ne1 Bd4 47. Nf3 Bf6 1/2-1/2

[Event "76th ch-UKR Final"]
[Site "Kharkiv UKR"]
[Date "2007.11.21"]
[Round "5"]
[White "Nosenko, A."]
[Black "Tarlev, K."]
[Result "1-0"]
[WhiteElo "2504"]
[BlackElo "2490"]
[PlyCount "105"]
[EventDate "2007.11.17"]
[Source "www.chesslib.no"]
[SourceDate "2004.05.04"]

1. d4 d5 2. Nf3 Nf6 3. e3 c5 4. b3 cxd4 5. exd4 Bg4 6. Bb2 Qa5+ 7. c3 Nc6 8. Be2 e6 9. O-O Ne4 10. h3 Bh5 11. a3 Be7 12. b4 Qd8 13. Nbd2 Nxd2 14. Qxd2 O-O 15. Qe3 Rc8 16. Rac1 Bxf3 17. Qxf3 Bg5 18. Rcd1 Ne7 19. Bd3 g6 20. Bc1 Nc6 21. Rfe1 Kg7 22. Bb2 Ne7 23. g3 Bf6 24. h4 h5 25. a4 Qd7 26. a5 Nf5 27. Bxf5 exf5 28. Bc1 Rfe8 29. Rxe8 Rxe8 30. Qd3 Re4 31. Bd2 Qa4 32. Re1 Qb3 33. Rxe4 fxe4 34. Qe3 Qd1+ 35. Kg2 Qg4 36. Kh2 a6 37. Qe1 Qf3 38. Be3 Be7 39. Qd2 Bd6 40. c4 dxc4 41. d5 g5 42. Bd4+ Kh7 43. Qxg5 f6 44. Qc1 Qe2 45. Qa1 Be5 46. Kg1 e3 47. Qb1+ Kg7 48. Bxe3 c3 49. Qf5 Qd1+ 50. Kh2 Qxd5 51. f4 Qf3 52. Qd7+ Kg6 53. Qd3+ 1-0

[Event "Zadar (open)"]
[Site "?"]
[Date "2004.12.17"]
[Round "7.5"]
[White "Kosic Dragan"]
[Black "Jovanic Ognjen"]
[Result "1/2-1/2"]
[WhiteElo "2519"]
[BlackElo "2475"]
[PlyCount "29"]
[EventDate "2004.??.??"]
[Source "www.chesslib.no"]
[SourceDate "2004.05.04"]

1. d4 Nf6 2. Nf3 d5 3. e3 Bg4 4. h3 Bh5 5. c4 c6 6. Nc3 e6 7. g4 Bg6 8. Ne5 Nbd7 9. Nxg6 hxg6 10. g5 Ng8 11. cxd5 exd5 12. h4 Ne7 13. Qg4 Nb6 14. Bd2 Qd7 15. Qxd7+ 1/2-1/2

[Event "Baden-Baden"]
[Site "Baden-Baden"]
[Date "1985.??.??"]
[Round "11"]
[White "Kindermann, Stefan"]
[Black "Farago, Ivan"]
[Result "1-0"]
[WhiteElo "2480"]
[BlackElo "2510"]
[PlyCount "89"]
[EventDate "1985.07.??"]
[Source "ChessBase"]

1. d4 Nf6 2. Nf3 d5 3. e3 c5 4. b3 Nc6 5. Bb2 Bg4 6. Be2 e6 7. O-O Bd6 8. Nbd2 O-O 9. h3 Bh5 10. c4 Qe7 11. cxd5 exd5 12. Rc1 Ne4 13. dxc5 Bxc5 14. Nxe4 dxe4 15. Nd2 Bg6 16. Qc2 Ba3 17. Bxa3 Qxa3 18. Nc4 Qe7 19. Qb2 Rad8 20. Rfd1 Bf5 21. a3 Rxd1+ 22. Rxd1 Rd8 23. Rxd8+ Qxd8 24. b4 f6 25. b5 Ne7 26. Qb4 Nc8 27. Na5 Nd6 28. Bc4+ Kh8 29. Bd5 h5 30. Nxb7 Nxb7 31. Bxb7 Qd1+ 32. Kh2 Qc2 33. Bd5 Kh7 34. Qc4 Qb1 35. Be6 Bg6 36. Qd5 Qc2 37. Bf5 h4 38. Qf7 Bxf5 39. Qh5+ Kg8 40. Qe8+ Kh7 41. Qh5+ Kg8 42. Qxf5 Qc7+ 43. Qf4 Qxf4+ 44. exf4 Kf7 45. g3 1-0

[Event "Andorra op"]
[Site "Andorra"]
[Date "1997.??.??"]
[Round "8"]
[White "Van der Werf, Mark"]
[Black "Magem Badals, Jordi"]
[Result "1/2-1/2"]
[WhiteElo "2420"]
[BlackElo "2570"]
[PlyCount "30"]
[EventDate "1997.07.??"]
[Source "ChessBase"]
[SourceDate "1997.07.29"]

1. d4 d5 2. Nf3 Nf6 3. e3 c6 4. Bd3 Bg4 5. c4 e6 6. Nbd2 Nbd7 7. b3 Bd6 8. Bb2 Qe7 9. Qc2 Ba3 10. O-O Bxb2 11. Qxb2 O-O 12. h3 Bh5 13. Rac1 Rac8 14. b4 Bxf3 15. Nxf3 Rfe8 1/2-1/2

[Event "1. League TCh-SCG"]
[Site "?"]
[Date "2003.09.08"]
[Round "10"]
[White "Kosic Dragan"]
[Black "Abramovic Bosko"]
[Result "1/2-1/2"]
[WhiteElo "2512"]
[BlackElo "2474"]
[PlyCount "28"]
[EventDate "2003.??.??"]
[Source "www.chesslib.no"]
[SourceDate "2004.05.04"]

1. d4 Nf6 2. Nf3 d5 3. e3 g6 4. b3 Bg7 5. Bb2 O-O 6. Nbd2 a5 7. a4 Bg4 8. h3 Bxf3 9. Nxf3 Nbd7 10. Bd3 c6 11. O-O Ne4 12. c4 e6 13. Ba3 Re8 14. Rc1 f5 1/2-1/2

[Event "7th Amplico AIG Life"]
[Site "Warsaw POL"]
[Date "2007.12.15"]
[Round "4"]
[White "Roy Chowdhury, S."]
[Black "Drozdovskij, Y."]
[Result "0-1"]
[WhiteElo "2418"]
[BlackElo "2567"]
[PlyCount "116"]
[EventDate "2007.12.15"]
[Source "www.chesslib.no"]
[SourceDate "2004.05.04"]

1. d4 Nf6 2. Nf3 d5 3. e3 c5 4. b3 cxd4 5. exd4 Bf5 6. Bb5+ Nbd7 7. O-O e6 8. Bb2 a6 9. Bd3 Bxd3 10. Qxd3 Be7 11. Nbd2 O-O 12. c4 dxc4 13. bxc4 b5 14. Rfd1 bxc4 15. Nxc4 Nd5 16. Nfe5 Nxe5 17. dxe5 Qc7 18. Nd6 Rfb8 19. Ba3 Qc3 20. Qxc3 Nxc3 21. Re1 h6 22. g3 Bd8 23. Kg2 Nd5 24. h4 h5 25. Re2 Bb6 26. Rc1 Bd4 27. Rc4 Ba1 28. Rc1 Bc3 29. Re4 Bb2 30. Bxb2 Rxb2 31. a4 Rab8 32. Kg1 Ra2 33. Rec4 Rbb2 34. Ne4 Kh7 35. Ng5+ Kg6 36. Nh3 Kf5 37. Re1 Rb4 38. Rc8 Rbxa4 39. Ng5 Ra1 40. Rxa1 Rxa1+ 41. Kg2 f6 42. exf6 gxf6 43. Nf3 Ra2 44. Nd4+ Ke4 45. Nxe6 Ne3+ 46. Kg1 Ra1+ 47. Kh2 Ng4+ 48. Kg2 Ra2 49. Nc5+ Kf5 50. Nd3 Rd2 51. Rc5+ Ke4 52. Nf4 Nxf2 53. Rc4+ Kf5 54. Rc5+ Kg4 55. Rd5 Ra2 56. Nxh5 Ne4+ 57. Kf1 f5 58. Rd8 Rd2 0-1

[Event "Nova Gorica op"]
[Site "Nova Gorica"]
[Date "1997.??.??"]
[Round "5"]
[White "Scekic, Milos"]
[Black "Sermek, Drazen"]
[Result "0-1"]
[WhiteElo "2400"]
[BlackElo "2575"]
[PlyCount "104"]
[EventDate "1997.01.??"]
[Source "www.chesslib.no"]
[SourceDate "2004.05.04"]

1. d4 d5 2. Nf3 c5 3. e3 Nf6 4. c3 e6 5. Nbd2 Nc6 6. dxc5 Bxc5 7. b4 Bd6 8. a3 a5 9. Bb2 O-O 10. b5 Ne5 11. c4 Nxc4 12. Nxc4 dxc4 13. Bxc4 Qe7 14. O-O e5 15. e4 a4 16. Nd2 Rd8 17. Kh1 Bc5 18. Qc2 Bg4 19. f3 Bd7 20. Rfd1 b6 21. Nf1 Rdc8 22. Qd3 Rc7 23. Rac1 Rac8 24. Rc2 h5 25. Rdc1 h4 26. Ne3 Bxe3 27. Qxe3 Bxb5 28. Bd3 Bxd3 29. Qxd3 Rxc2 30. Rxc2 Rd8 31. Qe2 Nh5 32. Rd2 Nf4 33. Rxd8+ Qxd8 34. Qc2 Qd3 35. Qxd3 Nxd3 36. Bc3 f6 37. Kg1 Kf7 38. Kf1 Ke6 39. g3 h3 40. Ke2 Nc5 41. Bb4 Nb3 42. Bf8 Nd4+ 43. Ke3 g5 44. Kf2 Kd7 45. Ke3 Ke6 46. Kf2 f5 47. exf5+ Kxf5 48. Bd6 e4 49. fxe4+ Kxe4 50. g4 Nb5 51. Bf8 Kf4 52. Be7 Nd4 0-1

[Event "Groningen op"]
[Site "Groningen"]
[Date "1994.??.??"]
[Round "7"]
[White "Vescovi, Giovanni P"]
[Black "Sermek, Drazen"]
[Result "1/2-1/2"]
[WhiteElo "2455"]
[BlackElo "2515"]
[PlyCount "46"]
[EventDate "1994.12.??"]
[Source "ChessBase"]

1. d4 d5 2. Nf3 c5 3. e3 Nf6 4. c3 e6 5. Nbd2 Bd6 6. Bd3 O-O 7. O-O Nc6 8. dxc5 Bxc5 9. e4 h6 10. h3 e5 11. exd5 Qxd5 12. Qe2 Rd8 13. Bc2 Be6 14. Re1 Re8 15. Rd1 Be7 16. Nb3 Qc4 17. Bd3 Qa4 18. Bb5 Qe4 19. Qxe4 Nxe4 20. Bxc6 bxc6 21. Nxe5 Nxf2 22. Kxf2 Bxb3 23. axb3 Bc5+ 1/2-1/2

[Event "Czerniak mem"]
[Site "Tel Aviv"]
[Date "1996.??.??"]
[Round "3"]
[White "Kantsler, Boris"]
[Black "Shmuter, Leonid"]
[Result "1-0"]
[WhiteElo "2475"]
[BlackElo "2490"]
[PlyCount "113"]
[EventDate "1996.??.??"]
[Source "ChessBase"]

1. d4 d5 2. Nf3 c5 3. e3 Nf6 4. b3 Nc6 5. Bb2 cxd4 6. exd4 Bg4 7. Be2 e6 8. Nbd2 Bd6 9. Ne5 Bxe2 10. Qxe2 Qb6 11. O-O O-O 12. Ndf3 Rac8 13. Rfc1 h6 14. c4 Qa6 15. Rc2 dxc4 16. bxc4 Bxe5 17. Nxe5 Nxe5 18. dxe5 Nd7 19. Rc3 Nb6 20. Rac1 Rfd8 21. h4 Na4 22. Ra3 Qc6 23. Ba1 Nc5 24. Rxa7 Nd3 25. Rc3 Qb6 26. Raa3 Nxf2 27. Rab3 Qa7 28. Kh2 Qd4 29. g3 Ng4+ 30. Kg2 Qd1 31. Rc2 Qxa1 32. Qxg4 Rd1 33. Qf3 Rcd8 34. Rxb7 Qxe5 35. Qxf7+ Kh7 36. Qf3 R8d3 37. Re2 Qd4 38. Qe4+ Qxe4+ 39. Rxe4 R1d2+ 40. Kh3 Rxa2 41. Rg4 h5 42. Rbxg7+ Kh8 43. Rg8+ Kh7 44. R4g7+ Kh6 45. Rg5 Kh7 46. Re8 Re2 47. c5 Rd7 48. Rxh5+ Kg6 49. Rg5+ Kf6 50. Kg4 Rd4+ 51. Kh5 e5 52. g4 e4 53. Rge5 Rd7 54. g5+ Kf7 55. Rxe4 Rg2 56. c6 Rc7 57. R8e6 1-0

[Event "Belisce Metalis op 6th"]
[Site "Belisce"]
[Date "1999.02.26"]
[Round "5"]
[White "Loncar, Robert"]
[Black "Sermek, Drazen"]
[Result "0-1"]
[WhiteElo "2419"]
[BlackElo "2540"]
[PlyCount "77"]
[EventDate "1999.02.??"]
[Source "www.chesslib.no"]
[SourceDate "2004.05.04"]

1. d4 d5 2. Nf3 c5 3. e3 Nf6 4. dxc5 e6 5. Nbd2 Bxc5 6. a3 a5 7. Bd3 Nc6 8. O-O e5 9. e4 d4 10. Re1 O-O 11. Nf1 Nd7 12. Ng3 Be7 13. h3 Nc5 14. Bb5 Qc7 15. Bg5 Bxg5 16. Nxg5 h6 17. Nf3 Be6 18. Nh4 g6 19. Qd2 Kh7 20. b4 axb4 21. axb4 Nd7 22. Bd3 Ne7 23. Nf3 Kg7 24. Nh2 Qd6 25. Ne2 Nc6 26. b5 Nb4 27. f4 Nxd3 28. cxd3 Nc5 29. fxe5 Qb6 30. Rxa8 Rxa8 31. Nf4 Qxb5 32. Rf1 Qd7 33. Nxe6+ Nxe6 34. Ng4 Rh8 35. Qb4 Qc7 36. Nf6 Rf8 37. Rb1 Rb8 38. Qd2 h5 39. Rc1 0-1

[Event "Kiev Spring"]
[Site "Kiev"]
[Date "2000.03.28"]
[Round "7"]
[White "Kasparov, Sergey"]
[Black "Vysochin, Spartak"]
[Result "0-1"]
[WhiteElo "2465"]
[BlackElo "2494"]
[PlyCount "132"]
[EventDate "2000.03.22"]
[Source "ChessBase"]
[SourceDate "2000.07.27"]

1. Nf3 d5 2. e3 Nf6 3. d4 Bf5 4. Be2 c6 5. O-O h6 6. b3 e6 7. Bb2 Nbd7 8. Nbd2 Bd6 9. Ne5 O-O 10. Ndf3 Qe7 11. c4 a5 12. Nxd7 Nxd7 13. a3 Bg4 14. Nd2 Bxe2 15. Qxe2 f5 16. f3 Rae8 17. c5 Bc7 18. f4 g5 19. b4 Rf6 20. b5 Rg6 21. b6 Bb8 22. Rf3 Qg7 23. Rc1 Nf6 24. Kh1 Kf7 25. a4 Rg8 26. Re1 h5 27. Rg1 h4 28. Rf2 gxf4 29. exf4 Qh6 30. Nf3 Ne4 31. Ng5+ Rxg5 32. fxg5 Nxf2+ 33. Qxf2 Qxg5 34. Bc1 Qg4 35. Re1 Qh5 36. Bf4 Qg4 37. Bxb8 Rxb8 38. h3 Qg5 39. Qe2 Re8 40. Qf3 Rg8 41. Re2 Rg6 42. Qc3 Qf4 43. Re1 Qf2 44. Rg1 f4 45. Qd3 f3 46. Qxf3+ Qxf3 47. gxf3 Rxg1+ 48. Kxg1 Kf6 49. Kf2 e5 50. dxe5+ Kxe5 51. Ke3 d4+ 52. Kd3 Kd5 53. f4 Kxc5 54. f5 Kd5 55. f6 Ke6 56. Kxd4 Kxf6 57. Ke4 Ke6 58. Kd4 Kd6 59. Kc4 Ke5 60. Kc5 Ke6 61. Kd4 Kd6 62. Kc4 c5 63. Kb5 c4 64. Kxc4 Kc6 65. Kd4 Kxb6 66. Kd5 Kc7 0-1

[Event "Olomouc CZE, GM-B 2005"]
[Site "?"]
[Date "2005.??.??"]
[Round "5.5"]
[White "Bakre Tejas"]
[Black "Bromberger Stefan"]
[Result "1/2-1/2"]
[WhiteElo "2467"]
[BlackElo "2491"]
[PlyCount "35"]
[EventDate "2005.??.??"]
[Source "www.chesslib.no"]
[SourceDate "2004.05.04"]

1. Nf3 Nf6 2. d4 d5 3. e3 c6 4. Nbd2 Bg4 5. h3 Bh5 6. g4 Bg6 7. Ne5 Nfd7 8. Nxg6 hxg6 9. Bg2 e5 10. e4 exd4 11. exd5 Nf6 12. O-O Nxd5 13. Nb3 Be7 14. Qxd4 O-O 15. Rd1 Qc8 16. c4 Nc7 17. Be3 Ne6 18. Qd2 1/2-1/2

[Event "13. Salona"]
[Site "?"]
[Date "2005.12.13"]
[Round "6"]
[White "Kovacevic Vlatko"]
[Black "Jankovic Alojzije"]
[Result "1-0"]
[WhiteElo "2512"]
[BlackElo "2446"]
[PlyCount "67"]
[EventDate "2005.??.??"]
[Source "www.chesslib.no"]
[SourceDate "2004.05.04"]

1. d4 c5 2. e3 d5 3. Nf3 Nf6 4. Nbd2 Nc6 5. Bb5 Qb6 6. c4 cxd4 7. exd4 dxc4 8. Qa4 a6 9. Bxc6+ bxc6 10. O-O Be6 11. Ne5 Rd8 12. Ndxc4 Qb5 13. Qc2 Bd5 14. Be3 e6 15. Rfc1 Rc8 16. a4 Qb7 17. a5 Be4 18. Qa4 Be7 19. Nb6 Rc7 20. f3 Bd5 21. Rc3 O-O 22. Rac1 Rd8 23. h3 Bd6 24. Bg5 h6 25. Bh4 g5 26. Bf2 c5 27. Qc2 Re7 28. Ng6 fxg6 29. Qxg6+ Rg7 30. Qxf6 Rf8 31. Qxh6 g4 32. Nxd5 gxf3 33. Qxe6+ Kh8 34. g4 1-0

[Event "Rimavska Sobota"]
[Site "Rimavska Sobota"]
[Date "1991.??.??"]
[Round "3"]
[White "Fries Nielsen, Jens Ove"]
[Black "Fominyh, Alexander"]
[Result "1/2-1/2"]
[WhiteElo "2415"]
[BlackElo "2535"]
[PlyCount "104"]
[EventDate "1991.05.??"]
[Source "ChessBase"]

1. d4 d5 2. Nf3 Nf6 3. e3 Bg4 4. Nbd2 e6 5. Be2 Nbd7 6. b3 Be7 7. Bb2 h6 8. O-O O-O 9. c4 a5 10. a3 c6 11. Bd3 Bf5 12. Qb1 Bxd3 13. Qxd3 Qb6 14. Rfc1 Rfd8 15. Qc2 Rdc8 16. Rab1 Qd8 17. e4 Qf8 18. e5 Nh7 19. c5 b6 20. b4 b5 21. Nb3 Bd8 22. Bc3 axb4 23. axb4 Bc7 24. Ra1 f6 25. exf6 Qxf6 26. Qe2 Nhf8 27. Rxa8 Rxa8 28. Re1 Qd8 29. Ne5 Nxe5 30. dxe5 Ra3 31. Qb2 Qa8 32. Nd4 Ra2 33. Qc1 Qe8 34. Qb1 Ra6 35. g3 Kf7 36. f4 g6 37. Rf1 Ke7 38. g4 Kd7 39. Qe1 Qe7 40. Qe2 Ra3 41. Qb2 Ra4 42. Kg2 Qh4 43. h3 Qd8 44. Rf2 h5 45. Nf3 Kc8 46. Qb1 Kb7 47. Ra2 Qa8 48. Rxa4 Qxa4 49. gxh5 gxh5 50. Nd4 Qa8 51. Be1 Qa3 52. Bf2 Qc3 1/2-1/2

[Event "Aix les Bains"]
[Site "Aix les Bains"]
[Date "1991.??.??"]
[Round "2"]
[White "Yewdokimov, Oleg"]
[Black "Dorfman, Josif D"]
[Result "0-1"]
[WhiteElo "2375"]
[BlackElo "2575"]
[PlyCount "74"]
[EventDate "1991.??.??"]
[Source "www.chesslib.no"]
[SourceDate "2004.05.04"]

1. d4 Nf6 2. Nf3 d5 3. e3 g6 4. Bd3 Bg7 5. O-O O-O 6. b3 c5 7. Bb2 Nc6 8. a3 cxd4 9. exd4 Nh5 10. Re1 Bg4 11. Be2 Nf4 12. Nbd2 Qb6 13. h3 Bf5 14. Nf1 Be4 15. N1h2 Nxe2+ 16. Rxe2 Rac8 17. Qd2 a5 18. Ra2 a4 19. b4 Na7 20. c3 Nb5 21. Ra1 Rc7 22. Ne5 Rfc8 23. Rc1 Nd6 24. Nhg4 Qb5 25. Ne3 f6 26. N5g4 h5 27. Nh2 Bh6 28. Qe1 Kf7 29. Rd1 e6 30. Nhf1 Bd3 31. Red2 Bxf1 32. Nxf1 Bxd2 33. Nxd2 Qd3 34. Nf3 Qc2 35. Rd2 Qf5 36. Re2 g5 37. Nh2 g4 0-1

[Event "Cansys"]
[Site "Budapest"]
[Date "1991.??.??"]
[Round "4"]
[White "Van Mil, Johannes A J"]
[Black "Kishnev, Sergey"]
[Result "1/2-1/2"]
[WhiteElo "2430"]
[BlackElo "2520"]
[PlyCount "99"]
[EventDate "1991.03.??"]
[Source "ChessBase"]

1. d4 Nf6 2. Nf3 d5 3. e3 c5 4. c3 Qb6 5. Bd3 Nc6 6. Nbd2 Bg4 7. h3 Bh5 8. Qa4 cxd4 9. exd4 Nd7 10. b4 e6 11. b5 Na5 12. Nb3 Nxb3 13. axb3 Bxf3 14. gxf3 Be7 15. Be3 Bf6 16. Qa3 g6 17. Ke2 Bg7 18. Rhc1 f5 19. Kf1 Kf7 20. Bf4 e5 21. dxe5 Bxe5 22. Bxe5 Nxe5 23. Be2 Rhc8 24. Rd1 Qc5 25. Qxc5 Rxc5 26. f4 Nd7 27. c4 Nf6 28. b4 Rcc8 29. cxd5 Ne4 30. b6 axb6 31. Rxa8 Rxa8 32. d6 Rd8 33. Bc4+ Kf6 34. d7 Ke7 35. Bb5 Nd6 36. Re1+ Kf8 37. Re8+ Nxe8 38. dxe8=Q+ Rxe8 39. Bxe8 Kxe8 40. Ke2 Kd7 41. Kd3 Kc6 42. Kc4 b5+ 43. Kd4 Kd6 44. h4 h6 45. f3 b6 46. Kc3 Ke7 47. Kd4 Ke6 48. Ke3 Kd5 49. Kd3 h5 50. Kc3 1/2-1/2

[Event "Helsinki"]
[Site "Helsinki FIN"]
[Date "1991.??.??"]
[Round "?"]
[White "Vaisser, Anatoli V"]
[Black "Westerinen, Heikki M J"]
[Result "1-0"]
[WhiteElo "2540"]
[BlackElo "2410"]
[PlyCount "117"]
[EventDate "1991.03.??"]
[Source "www.chesslib.no"]
[SourceDate "2004.05.04"]

1. d4 d5 2. Nf3 c5 3. e3 Nf6 4. c4 cxd4 5. exd4 g6 6. Nc3 Bg7 7. Bg5 Be6 8. Qa4+ Nc6 9. c5 O-O 10. Bb5 Qc7 11. Bxf6 Bxf6 12. O-O Rfd8 13. h3 Rac8 14. Bxc6 bxc6 15. Rfe1 Rb8 16. Qc2 Qf4 17. Ne2 Qc7 18. Qc3 Qb7 19. b3 Qc7 20. Qd2 a5 21. g4 Bc8 22. Nf4 Bg7 23. Qe3 Re8 24. Kg2 Ba6 25. Rab1 Rb7 26. h4 Qc8 27. Kg3 Qc7 28. h5 Rb4 29. hxg6 hxg6 30. a3 Rbb8 31. Ne5 g5 32. Nh5 f6 33. Kg2 e6 34. Nf3 Qf7 35. Rh1 Qg6 36. b4 Bd3 37. Rb3 Be4 38. Ng3 f5 39. Nxe4 dxe4 40. Nxg5 f4 41. Qxf4 Rf8 42. Qxe4 Qxg5 43. Rh5 Qe7 44. Qh7+ Kf7 45. Rf3+ Ke8 46. Qg6+ Kd8 47. Rh7 Rxf3 48. Rxg7 Qf6 49. Rg8+ Kc7 50. Qh7+ Qf7 51. Rg7 Rxf2+ 52. Kg3 Rf3+ 53. Kh4 Rf8 54. Rxf7+ R8xf7 55. Qe4 a4 56. Qxe6 Rh7+ 57. Kg5 Rxa3 58. b5 cxb5 59. Qe5+ 1-0

[Event "ECC Women"]
[Site "Rethymnon"]
[Date "2003.10.02"]
[Round "5"]
[White "Dzagnidze, Nana"]
[Black "Galliamova, Alisa"]
[Result "0-1"]
[WhiteElo "2446"]
[BlackElo "2502"]
[PlyCount "86"]
[EventDate "2003.09.28"]
[Source "Roberto Alvarez"]
[SourceDate "2003.10.06"]

1. d4 d5 2. Nf3 Nf6 3. e3 c5 4. dxc5 Qa5+ 5. Nbd2 g6 6. a3 Qxc5 7. b4 Qc7 8. Bb2 Bg7 9. c4 dxc4 10. Bxc4 Nc6 11. Rc1 a6 12. Qb3 O-O 13. O-O Bd7 14. e4 Ng4 15. Bxg7 Kxg7 16. Qb2+ Kg8 17. Bd5 Qf4 18. g3 Qh6 19. h4 Rad8 20. Rfe1 Nf6 21. Ng5 Qg7 22. Kg2 Be8 23. Ba2 Nd4 24. Ngf3 Nxf3 25. Nxf3 Bc6 26. Bb1 Ng4 27. e5 f6 28. exf6 Bxf3+ 29. Kxf3 Rxf6+ 30. Kxg4 Rf4+ 31. gxf4 Qxb2 32. Rc2 Qf6 33. Rce2 Rf8 34. f5 gxf5+ 35. Kh3 Qc3+ 36. Re3 Qb2 37. Rf3 e6 38. Bd3 Qd4 39. Rg1+ Kh8 40. Re3 e5 41. Bb1 e4 42. Re2 Qc3+ 43. Rg3 Qc1 0-1

[Event "FRA Team Ch"]
[Site "France"]
[Date "1994.??.??"]
[Round "2"]
[White "Efimov, Igor"]
[Black "Hamdouchi, Hichem"]
[Result "1/2-1/2"]
[WhiteElo "2465"]
[BlackElo "2480"]
[PlyCount "75"]
[EventDate "1994.??.??"]
[Source "www.chesslib.no"]
[SourceDate "2004.05.04"]

1. d4 d5 2. Nf3 Nf6 3. e3 Bf5 4. Be2 e6 5. O-O c5 6. c4 dxc4 7. Nc3 Nc6 8. Bxc4 cxd4 9. Nxd4 Nxd4 10. exd4 Bd6 11. Bb5+ Kf8 12. Qf3 Qb6 13. h3 Rc8 14. Ba4 Bb4 15. Be3 Bxc3 16. bxc3 Nd5 17. Bd2 Qb2 18. Bc1 Qb6 19. c4 Rxc4 20. Ba3+ Kg8 21. Rac1 Rxc1 22. Rxc1 h6 23. Bb3 Qxd4 24. Rd1 Qe4 25. Qxe4 Bxe4 26. f3 Bf5 27. g4 Bg6 28. Bxd5 exd5 29. Rxd5 Kh7 30. Rd7 Re8 31. Rxb7 Re3 32. Rb3 Re1+ 33. Kf2 Rh1 34. Bd6 Rd1 35. Bf4 Ra1 36. Ra3 Bb1 37. Rxa7 Rxa2+ 38. Rxa2 1/2-1/2

[Event "Penta Media GM"]
[Site "Kelamabakkam"]
[Date "2000.08.14"]
[Round "1"]
[White "Sandipan, Chanda"]
[Black "Ganguly, Surya Shekhar"]
[Result "1/2-1/2"]
[WhiteElo "2446"]
[BlackElo "2498"]
[PlyCount "111"]
[EventDate "2000.08.14"]
[Source "ChessBase"]
[SourceDate "2000.11.21"]

1. d4 d5 2. Nf3 Nf6 3. e3 g6 4. Be2 Bg7 5. O-O O-O 6. c4 c6 7. b3 Nbd7 8. Nbd2 b6 9. Bb2 Bb7 10. Rb1 c5 11. cxd5 Nxd5 12. e4 Nf4 13. d5 Bxb2 14. Rxb2 Nf6 15. Bc4 Qd7 16. Ne5 Qc7 17. Nd3 Nxd3 18. Bxd3 e6 19. dxe6 fxe6 20. Qe2 e5 21. Nf3 Nh5 22. g3 Qe7 23. Qe3 Kg7 24. Qg5 Rae8 25. Qxe7+ Rxe7 26. Nd2 Rd8 27. Be2 Nf6 28. f3 Nd7 29. Rd1 Nb8 30. Nc4 Rxd1+ 31. Bxd1 Nc6 32. Rd2 Nd4 33. Kf2 Kf6 34. Ke3 Ba6 35. Na3 g5 36. Nc2 Rd7 37. Be2 Bxe2 38. Nxd4 exd4+ 39. Kxe2 Ke5 40. Kd3 Rf7 41. Rf2 b5 42. Rf1 h5 43. Rf2 a6 44. Rf1 h4 45. Rf2 hxg3 46. hxg3 c4+ 47. bxc4 bxc4+ 48. Kxc4 g4 49. Kd3 gxf3 50. a4 a5 51. Rf1 f2 52. Ke2 Kxe4 53. Rxf2 d3+ 54. Ke1 Rg7 55. Rf4+ Ke3 56. Rf5 1/2-1/2

[Event "Cup Felix (open)"]
[Site "Felix Spa (Romania)"]
[Date "2007.05.28"]
[Round "6"]
[White "Nanu Ciprian-Costica (ROM)"]
[Black "Kozhuharov Spas (BUL)"]
[Result "1/2-1/2"]
[WhiteElo "2509"]
[BlackElo "2433"]
[PlyCount "45"]
[EventDate "2007.??.??"]
[Source "www.chesslib.no"]
[SourceDate "2004.05.04"]

1. d4 d5 2. Nf3 Nf6 3. e3 c5 4. c3 cxd4 5. cxd4 Nc6 6. Nc3 a6 7. Bd2 Bg4 8. Be2 e6 9. Rc1 Bd6 10. O-O O-O 11. a3 Rc8 12. Na4 Ne4 13. b4 Bb8 14. Nc5 Qc7 15. g3 Qe7 16. Kg2 e5 17. dxe5 Nxe5 18. Nxe5 Bxe2 19. Qxe2 Bxe5 20. Nxe4 dxe4 21. Rc4 Rxc4 22. Qxc4 Rd8 23. Bc3 1/2-1/2

[Event "Acropolis GM"]
[Site "Athens"]
[Date "2004.11.18"]
[Round "3"]
[White "Managadze, Nikoloz"]
[Black "Mastrovasilis, Athanasios"]
[Result "0-1"]
[WhiteElo "2440"]
[BlackElo "2502"]
[PlyCount "142"]
[EventDate "2004.11.16"]
[Source "Roberto Alvarez"]
[SourceDate "2004.11.29"]

1. d4 d5 2. Nf3 c5 3. e3 Nf6 4. Be2 Nc6 5. O-O Bg4 6. b3 e6 7. Bb2 Rc8 8. h3 Bh5 9. Ne5 Bxe2 10. Qxe2 cxd4 11. exd4 Qb6 12. Nd2 Bb4 13. c3 Be7 14. Rfd1 O-O 15. Ndf3 Nxe5 16. Nxe5 Rfd8 17. c4 Qa6 18. Qf3 dxc4 19. bxc4 Bd6 20. d5 Bxe5 21. Bxe5 Nd7 22. Bb2 e5 23. Ba3 Rxc4 24. Be7 Re8 25. d6 Qc6 26. Qg3 Rc8 27. Rab1 b6 28. h4 h6 29. Kh2 Qe4 30. Kg1 f6 31. Qb3 Kh7 32. h5 Qf5 33. g3 Qxh5 34. Qd3+ Qg6 35. Qd5 Qf5 36. Rb3 Rc1 37. Rf3 Rxd1+ 38. Qxd1 Qc2 39. Qd5 Qb1+ 40. Kg2 Rc1 41. Rd3 Qc2 42. Qe4+ Kh8 43. Qf3 Qc6 44. Ra3 a5 45. Qxc6 Rxc6 46. f4 Kg8 47. fxe5 Nxe5 48. Rd3 Nd7 49. Kh3 Kf7 50. Bd8 Ke6 51. Bc7 Rc2 52. Re3+ Ne5 53. Bxb6 Rxa2 54. Bc7 a4 55. d7 Kxd7 56. Bxe5 fxe5 57. Rxe5 a3 58. Ra5 Kc6 59. Ra7 Kb5 60. Kg4 g6 61. Ra8 Kb4 62. Rb8+ Kc3 63. Ra8 Kd2 64. Ra6 Kc1 65. Kh3 h5 66. Ra5 Kb1 67. g4 hxg4+ 68. Kg3 Kb2 69. Rb5+ Kc3 70. Ra5 Kb4 71. Ra8 Rc2 0-1

[Event "Torneo GM"]
[Site "Vienna AUT"]
[Date "2008.08.23"]
[Round "8"]
[White "Schneider Zinner, H."]
[Black "Sulskis, S."]
[Result "0-1"]
[WhiteElo "2378"]
[BlackElo "2562"]
[PlyCount "78"]
[EventDate "2008.08.16"]
[Source "www.chesslib.no"]
[SourceDate "2004.05.04"]

1. d4 c5 2. e3 d5 3. Nf3 Nf6 4. c3 Qc7 5. Nbd2 Nbd7 6. Bd3 e5 7. dxe5 Nxe5 8. Nxe5 Qxe5 9. Bb5+ Bd7 10. Bxd7+ Nxd7 11. O-O O-O-O 12. Qa4 Bd6 13. Nf3 Qh5 14. e4 Nb6 15. Qc2 Qg6 16. Be3 dxe4 17. Ng5 f5 18. Rad1 f4 19. Rxd6 Rxd6 20. Bxf4 Rd3 21. Qe2 Re8 22. Qg4+ Nd7 23. h4 h6 24. h5 Qf6 25. Nh3 Qe6 26. Qe2 Rxh3 27. gxh3 Qxh3 28. Qc4 Qxh5 29. Bg3 a6 30. a4 e3 31. Qf4 Qe5 32. Qf7 exf2+ 33. Kh2 Qe7 34. Qf4 Ne5 35. Rxf2 Qd7 36. Kg2 g5 37. Qf5 Nd3 38. Qxd7+ Kxd7 39. Rf5 Ke6 0-1